00839cam a22002537a 4500003000500000005001700005008004100022010001000063011001000073035001000083040000900093082001500102100002100117245009000138260009500228300003000323490002500353650002700378700002300405700002500428710003800453710006900491830002500560CHAP20220329141348.0971013s1987 r 00010 d a67053 a68025 a77497 cCHAP a631.47bB400aBeek, Klaas Jan. 0aQuantified land evaluation proceduresb: proceedings of the International Workshop... aEnschede, The Netherlands :bInternational Institute for Aerospace Survey and Earth,c1987 a165 p.b: ilus., gráfs. 0aITC publicationv; 614aTierrasxEvaluación.0 aBurrough, Peter A.0 aMcCormack, Donald E.0 aE.U.A. Department of Agriculture.0 aInternational Institute for Aerospace Survey and Earth Sciences.0 aITC publicationv; 6